| 000 | 00614nam a2200205 u 4500 | ||
|---|---|---|---|
| 005 | 20240924071249.0 | ||
| 008 | 100817s2008 es r 000 0 spa d | ||
| 020 | _a9788466776943 | ||
| 035 | _aUPN01000177402 | ||
| 049 | _aI | ||
| 050 | 4 |
_aPZ78 _bF4.62 |
|
| 100 | 1 | _aFerris, José Luis | |
| 245 | 1 | 4 |
_aLas palabras del agua / _cJosé Luis Ferris ; il. de Jesús Cisneros. |
| 260 |
_aMadrid : _bAnaya, _c2008. |
||
| 300 |
_a76 p. : _bil. col. |
||
| 440 | 0 |
_aSopa de libros ; _v127. _pA partir de 8 años |
|
| 650 | 4 |
_aLiteratura infantil _94445 |
|
| 650 | 4 |
_aImaginación en niños _912146 |
|
| 905 | _aInfantil | ||
| 999 |
_c149505 _d149505 |
||